<?xml version="1.0" encoding="UTF-8"?>
<record
    xmlns:xsi="http://www.w3.org/2001/XMLSchema-instance"
    xsi:schemaLocation="http://www.loc.gov/MARC21/slim http://www.loc.gov/standards/marcxml/schema/MARC21slim.xsd"
    xmlns="http://www.loc.gov/MARC21/slim">

  <leader>00712caa a22001572a 4500</leader>
  <controlfield tag="001">  016934</controlfield>
  <controlfield tag="003">  AR-FADEU</controlfield>
  <controlfield tag="008">  311216n########xxu####################dd</controlfield>
  <datafield tag="092" ind1=" " ind2=" ">
    <subfield code="a">330</subfield>
    <subfield code="b">C749</subfield>
  </datafield>
  <datafield tag="100" ind1=" " ind2=" ">
    <subfield code="a">Cuello, Ra&#xFA;l E., coor.</subfield>
  </datafield>
  <datafield tag="245" ind1=" " ind2=" ">
    <subfield code="a">La reforma del estado y el orden meritocr&#xE1;tico</subfield>
  </datafield>
  <datafield tag="300" ind1=" " ind2=" ">
    <subfield code="a">PP. 149-168</subfield>
  </datafield>
  <datafield tag="500" ind1=" " ind2=" ">
    <subfield code="a">En: Los desaf&#xED;os del nuevo escenario econ&#xF3;mico internacional / Congreso de Econom&#xED;a. Buenos Aires : Consejo Profesional de Ciencias Econ&#xF3;micas, 2001</subfield>
  </datafield>
  <datafield tag="942" ind1=" " ind2=" ">
    <subfield code="c">BDGR</subfield>
  </datafield>
  <datafield tag="999" ind1=" " ind2=" ">
    <subfield code="c">22686</subfield>
    <subfield code="d">22686</subfield>
  </datafield>
  <datafield tag="773" ind1="0" ind2=" ">
    <subfield code="0">22675</subfield>
    <subfield code="9">22533</subfield>
    <subfield code="a">Congreso de Econom&#xED;a (5&#xBA; : 2001 may. 8-10 : Buenos Aires)</subfield>
    <subfield code="b"></subfield>
    <subfield code="d">Buenos Aires</subfield>
    <subfield code="o">625</subfield>
    <subfield code="t">Los desaf&#xED;os del nuevo escenario econ&#xF3;mico internacional</subfield>
    <subfield code="w">(  AR-FADEU)  016923</subfield>
    <subfield code="x"></subfield>
    <subfield code="z">950-9497-51-7</subfield>
  </datafield>
</record>
